Statistics for Human anatomy quiz medium

Click here to take the quiz!

General Stats

  • This quiz has been taken 93 times
  • The average score is 8 of 11

Answer Stats

HintAnswer% Correct
What is the largest organskin
95%
What organ produces bileliver
93%
Which organ filters your bloodkidney
91%
What organ produces insulinpancreas
89%
How many teeth does a full grown adult have32
87%
What can be found inside your bonemarrow
82%
The bone below the kneetibia
76%
What is the breathing tube calledtrachea
68%
The back part of the eyeretina
66%
Largest area of the braincerebrum
45%
Where does the pulmonary vein take blood tooleft atrium
43%

Score Distribution

Percentile by Number Answered

Percent of People with Each Score

Your Score History

You have not taken this quiz